000 00569nam a2200169Ia 4500
003 GCL
008 140319s9999 xx 000 0 ara d
040 _aGCL /
_cGCL
082 0 4 _a812.042
_bع ل
100 1 _aعبدالمنعم سليم
245 1 0 _aلان ولانهم : مسرحية فى فصلين (هدية من الاديب عبدالفتاح الجمل) /
_cعبدالمنعم سليم
300 _a102 ص
490 _aمسرحيات مختارة
_v0
650 0 4 _aالادب العربى
650 0 4 _aالمسرحيات العربية
942 _2ddc
_cBK
999 _c47194
_d47194